000 01236nam a2200349 c 4500
999 _c348354
_d348354
003 BLK
005 20250320160143.0
008 180408b bul|||||r ||||||| ||bul||
010 _aKNG00051195000
020 _a9789542962663
040 _aBLK
041 _aBUL
_cBUL
080 _aБългарска литература
_b821.163.2
_x-31
_z821.163.2-31
100 _aГригорова, Ирена
_eпърви автор
_91299
139 _aГригорова, Ирена
_bГ 82
245 1 0 _aПрастари времена
_bКрилати юнаци, великани, птицехора и исполини по нашите земи
_cИрена Григорова
257 _aBGR
260 _bАпостроф
_c2019
_9217700
_aСофия
_n978-954-2962-
300 _c1 см
_a367 с.
_bсъс сн.
380 _aX
760 _aГригорова, Ирена
_bПрастари времена
_dАпостроф
_h367 с.
852 _bП
_cП 886.7-9/Г 82
856 4 _qpdf
856 4 _qpdf
942 _cKNG
_n0
_018
_s1
944 _aCR
_c2020-01-31
_k30575
_lМартин Енчев
944 _aED
_c2020-01-31
999 _d348354
999 _d348340
999 _d348340
999 _d47383